000
00304nam a22001337a 4500
008
180223b xxu||||| |||| 00| 0 eng d
020
_a
9780875962979
041
_a
eng
080
_a
612.39
100
_a
10
101
_a
NUT
245
_a
The male body: an owner's manual
_c
Caine,K.W
942
_2
udc
_c
BK
999
_c
43323
_d
43323